000 00451nam a22001697a 4500
999 _c525419
_d525419
003 NUST
038 _aArshad
082 _a928
_bAKR
100 _a Akram, Peer
_916285
245 _aTanhai jinhein Dohrati He /
_cPeer Akram
260 _aLahore :
_bTayiba Printers,
_c2007.
300 _a644 p. ;
500 _aHardcover.
880 _6100-01\r
_aپیراکرم
880 _6245-02\r
_aتنہائی جنہیں دہراتی ہے /
942 _2ddc
_cBK